Communication and networking : international conference, FGCN 2011, held as part of the Future Generation Information Technology Conference, FGIT 2011, in conjunction with GDC 2011, Jeju Island, Korea, December 8-10, 2011, proceedings. Part I /

Bibliographic Details
Corporate Authors: International Conference on Future Generation Communication and Networking Cheju Island, Korea, FGIT (Conference), GDC 2011
Other Authors: Kim, Tai-hoon
Format: Conference Proceeding eBook
Language:English
Published: Berlin ; New York : Springer, [2011]
Series:Communications in computer and information science ; 265.
Subjects:
Online Access:Connect to the full text of this electronic book

MARC

Tag First Indicator Second Indicator Subfields
LEADER 00000cam a2200000Ka 4500
001 in00002691821
005 20210727160149.0
006 m d
007 cr cnu---unuuu
008 111213s2011 gw ob 101 0 eng d
020 |a 3642271928 (electronic bk.) 
020 |a 9783642271922 (electronic bk.) 
020 |z 9783642271915 
035 |a (OCoLC)768198272 
035 |a (OCoLC)ocn768198272 
035 |a 3942451 
040 |a GW5XE  |c GW5XE  |d UtOrBLW 
049 |a TXAC 
050 4 |a TK5101.A1  |b I58 2011 
082 0 4 |a 621.382  |2 23 
111 2 |a International Conference on Future Generation Communication and Networking  |d (2011 :  |c Cheju Island, Korea) 
245 1 0 |a Communication and networking :  |b international conference, FGCN 2011, held as part of the Future Generation Information Technology Conference, FGIT 2011, in conjunction with GDC 2011, Jeju Island, Korea, December 8-10, 2011, proceedings.  |n Part I /  |c Tai-hoon Kim[and others] (eds.). 
246 3 |a FGCN 2011 
246 3 |a FGIT 2011 
246 3 |a GDC 2011 
264 1 |a Berlin ;  |a New York :  |b Springer,  |c [2011] 
264 4 |c ©2011 
300 |a 1 online resource. 
336 |a text  |b txt  |2 rdacontent 
337 |a computer  |b c  |2 rdamedia 
338 |a online resource  |b cr  |2 rdacarrier 
490 1 |a Communications in computer and information science,  |x 1865-0929 ;  |v 265 
500 |a Electronic resource. 
500 |a International conference proceedings. 
504 |a Includes bibliographical references and author index. 
650 0 |a Computer networks  |v Congresses.  |0 http://id.loc.gov/authorities/subjects/sh2008101222 
650 0 |a Telecommunication systems  |v Congresses.  |0 http://id.loc.gov/authorities/subjects/sh2008112722 
653 4 |a Algorithm Analysis and Problem Complexity 
653 4 |a Artificial Intelligence (incl. Robotics) 
653 4 |a Artificial intelligence 
653 4 |a Computer Communication Networks 
653 4 |a Computer science 
653 4 |a Computer software 
653 4 |a Database management 
653 4 |a Information Storage and Retrieval 
653 4 |a Information Systems Applications (incl. Internet) 
653 4 |a Information storage and retrieval systems 
655 7 |a Electronic books.  |2 local 
700 1 |a Kim, Tai-hoon.  |0 http://id.loc.gov/authorities/names/no2010047256 
711 2 |a FGIT (Conference)  |n (3rd :  |d 2011 :  |c Cheju Island, Korea)  |0 http://id.loc.gov/authorities/names/nb2011032112 
711 2 |a GDC 2011  |d (2011 :  |c Cheju Island, Korea)  |0 http://id.loc.gov/authorities/names/nb2011032117 
830 0 |a Communications in computer and information science ;  |v 265.  |0 http://id.loc.gov/authorities/names/no2008037797 
856 4 0 |u http://proxy.library.tamu.edu/login?url=https://dx.doi.org/10.1007/978-3-642-27192-2  |z Connect to the full text of this electronic book  |t 0 
994 |a 92  |b TXA 
999 |a MARS 
999 f f |s 07512302-ccd5-31e0-9620-9f8ed43007c3  |i 851c6a67-a35d-377e-bae9-582e4b257612  |t 0 
952 f f |a Texas A&M University  |b College Station  |c Electronic Resources  |d Available Online  |t 0  |e TK5101.A1 I58 2011  |h Library of Congress classification 
998 f f |a TK5101.A1 I58 2011  |t 0  |l Available Online